000 01101nam a22002777a 4500
003 dpl
005 20180906160542.0
008 180906b xxu||||| |||| 00| 0 eng d
010 _aB-198927
020 _c250.00
_a81867300516
035 _aB-198927, B-198931
037 _bCen Lib/Ret
040 _aDPL
_bHN
_c0
082 _a230.1
_bभाटिया
100 _aभाटिया, सुदर्शन
_9109093
245 _aसतयुग दर्पण /
_cसुदर्शन भाटिया
246 _aSatyug darpan /
_bby Sudarshan Bhatiya
260 _a दिल्ली
_bराज पब्लिशिंग हाउस
_c2006
270 _bदिल्ली
_a1/5123पुराना सीलमपुर (पूर्व)
_e110031
300 _a232पृ. :
_c21सेमी(सजिल्द )
_bसचित्र
650 _aमार्ग दर्शन
_x
_z
_992667
650 _aपुराण
_9109094
650 _aGuidance
_994055
650 _aMythology
_939439
942 _2ddc
_cHN
_h230.1
_mभाटिया
999 _c121028
_d121028